000 00684nam a2200229Ia 4500
003 ARRUPE
008 130227s9999 xx 000 0 und d
040 _cARRUPELIB
050 _aBD162.M273 1981
100 _aMaritain, Jacques
_924379
245 4 _aThe degrees of knowledge
260 _aNotre Dame
260 _bUniversity of Notre Dame Press
300 _a500p.
300 _b 23 cm
440 _aThe collected works of Jacques Maritain: V.7
_924380
650 _bChristian life--1960 -
_924381
650 _cWomen--Prayerbooks and devotions--English
_924382
650 _dMayhall, Carole
_924382
700 _aMcInerny, Ralph M. (tr.)
_924383
942 _2lcc
_cMONOGRAPH
999 _c4938
_d4938